[Event "Oberliga Nord O 0910"]
[Site "Germany"]
[Date "2009.12.16"]
[Round "4.1"]
[White "Karstens, Bart"]
[Black "Harich, Ralph"]
[Result "0-1"]
[WhiteElo "2279"]
[BlackElo "2210"]
[PlyCount "68"]
[EventDate "2009.10.18"]
[EventType "team-tourn"]
[EventRounds "9"]
[EventCountry "GER"]
[SourceTitle "EXT 2011"]
[Source "ChessBase"]
[SourceDate "2010.11.26"]
[SourceVersion "1"]
[SourceVersionDate "2010.11.26"]
[SourceQuality "1"]
[WhiteTeam "Lichtenberg"]
[BlackTeam "Kreuzberg"]
[WhiteTeamCountry "GER"]
[BlackTeamCountry "GER"]

1. d4 Nf6 2. c4 c5 3. d5 b5 4. f3 e6 5. e4 bxc4 6. Nc3 Ba6 7. Bg5 Qb6 8. Qd2 d6 9. Nge2 Nbd7 10. dxe6 fxe6 11. Nf4 Kf7 12. Be2 Rb8 13. Rb1 Be7 14. 0-0 h6 15. Bxf6 Bxf6 16. Nh5 Bd4+ 17. Kh1 Rhf8 18. f4 Kg8 19. f5 exf5 20. exf5 Rbe8 21. Bf3 Qd8 22. Bd5+ Kh8 23. Nf4 Ne5 24. Ne6 Qh4 25. Rf4 Ng4 26. g3 Qh3 27. Nxf8 Rxf8 28. Qg2 Qxg2+ 29. Kxg2 Ne3+ 30. Kf3 Nxd5 31. Nxd5 Bb7 32. Kg4 Bxd5 33. b4 cxb3 34. axb3 a5 0-1

[Event "Oberliga Nord O 0910"]
[Site "Germany"]
[Date "2009.11.15"]
[Round "2.1"]
[White "Rolle, Eric"]
[Black "Harich, Ralph"]
[Result "1-0"]
[WhiteElo "2265"]
[BlackElo "2210"]
[PlyCount "127"]
[EventDate "2009.10.18"]
[EventType "team-tourn"]
[EventRounds "9"]
[EventCountry "GER"]
[SourceTitle "EXT 2011"]
[Source "ChessBase"]
[SourceDate "2010.11.26"]
[SourceVersion "1"]
[SourceVersionDate "2010.11.26"]
[SourceQuality "1"]
[WhiteTeam "Eberswalde"]
[BlackTeam "Kreuzberg"]
[WhiteTeamCountry "GER"]
[BlackTeamCountry "GER"]

1. d4 Nf6 2. c4 c5 3. d5 b5 4. cxb5 a6 5. bxa6 Bxa6 6. Nc3 e6 7. e4 Bxf1 8. Kxf1 exd5 9. e5 Ng8 10. Qxd5 Nc6 11. Nf3 Nge7 12. Qe4 Qb8 13. g3 Ng6 14. Kg2 Be7 15. Nd5 0-0 16. Nxe7+ Ncxe7 17. Rd1 Ra7 18. Be3 Rc8 19. b3 Nf8 20. Rd2 Rb7 21. Rc1 Ne6 22. h4 h6 23. h5 Rcc7 24. Rdc2 Rb4 25. Rc4 Nc6 26. Qd5 Ne7 27. Qd3 Rb5 28. Nd2 Qb7+ 29. f3 Nd5 30. Ne4 Nxe3+ 31. Qxe3 Qa7 32. a4 Ra5 33. Nd6 Qb6 34. Rg4 Ra6 35. Nb5 Rc6 36. Qxh6 c4 37. bxc4 Rxa4 38. Qd2 Qc5 39. Qe2 Rca6 40. Re4 Ng5 41. Rd4 Ra2 42. Rc2 Ra1 43. Qf2 Rb1 44. Rxd7 Qxe5 45. Rd5 Qf6 46. f4 Ne6 47. Nc3 Rb3 48. Ne4 Qe7 49. Rb5 Rd3 50. Rb8+ Nf8 51. Nc5 Rda3 52. Nxa6 Qe4+ 53. Kh2 Rxa6 54. Qe2 Qf5 55. Rb5 Qc8 56. Rcb2 Nd7 57. Rb7 Re6 58. Qd3 Nf8 59. Rb8 Qc5 60. Qd5 Qe3 61. c5 g6 62. h6 Rf6 63. Rxf8+ Kxf8 64. Qd8+ 1-0

[Event "Avoine op 22nd"]
[Site "Avoine"]
[Date "2007.07.26"]
[Round "6"]
[White "Kessler, Stefan"]
[Black "Harich, Ralph"]
[Result "0-1"]
[WhiteElo "2047"]
[BlackElo "2217"]
[PlyCount "70"]
[EventDate "2007.07.21"]
[EventType "swiss"]
[EventRounds "9"]
[EventCountry "FRA"]
[SourceTitle "EXT 2010"]
[Source "ChessBase"]
[SourceDate "2010.11.25"]
[SourceVersion "1"]
[SourceVersionDate "2010.11.25"]
[SourceQuality "1"]

1. c4 Nf6 2. Nc3 c5 3. Nf3 g6 4. d4 cxd4 5. Nxd4 Bg7 6. e4 d6 7. Be2 0-0 8. 0-0 Nc6 9. Be3 Bd7 10. f3 Nxd4 11. Bxd4 a5 12. Qd2 Bc6 13. Rac1 Nd7 14. Nd5 Bxd5 15. Bxg7 Kxg7 16. exd5 Qb6+ 17. Kh1 Rfc8 18. f4 Nf6 19. Bf3 Rc7 20. g4 Kg8 21. f5 Qb4 22. Qe2 Rac8 23. b3 a4 24. g5 Nd7 25. Bg4 Re8 26. f6 Ne5 27. Qg2 axb3 28. axb3 Qxb3 29. Bd1 Qa3 30. Be2 exf6 31. gxf6 Qe3 32. Rb1 Ra8 33. Bd1 Ra3 34. Rf2 h6 35. Qf1 Qe4+ 0-1

[Event "Oberliga Nord O 0506"]
[Site "Germany"]
[Date "2005.11.13"]
[Round "2.3"]
[White "Harich, Ralph"]
[Black "Orzech, Dominik"]
[Result "0-1"]
[WhiteElo "2246"]
[BlackElo "2323"]
[PlyCount "102"]
[EventDate "2005.10.23"]
[EventType "team-tourn"]
[EventRounds "9"]
[EventCountry "GER"]
[SourceTitle "EXT 2007"]
[Source "ChessBase"]
[SourceDate "2006.11.23"]
[SourceVersion "1"]
[SourceVersionDate "2006.11.23"]
[SourceQuality "1"]
[WhiteTeam "Kreuzberg III"]
[BlackTeam "Lasker Steglitz"]
[WhiteTeamCountry "GER"]
[BlackTeamCountry "GER"]

1. c4 Nf6 2. Nf3 c6 3. b3 d5 4. Bb2 g6 5. cxd5 cxd5 6. Bxf6 exf6 7. e3 Nc6 8. d4 Bf5 9. Nbd2 Ba3 10. Nh4 Bb2 11. Nxf5 Bxa1 12. Qxa1 gxf5 13. Bd3 Qd7 14. Qb1 Ne7 15. 0-0 0-0-0 16. a4 Kb8 17. a5 Rhg8 18. f4 Nc8 19. Bxf5 Qb5 20. Rf2 Rge8 21. Nf1 Qxa5 22. Bxh7 Nd6 23. h4 Rc8 24. g4 Rc3 25. Rc2 Rxc2 26. Bxc2 Qc3 27. Kf2 Nb5 28. Bd3 Nd6 29. h5 Rh8 30. Ke2 Qc8 31. Kf3 f5 32. Bxf5 Nxf5 33. Qxf5 Qxf5 34. gxf5 Rxh5 35. Ng3 Rh6 36. e4 dxe4+ 37. Nxe4 f6 38. Nc5 Kc7 39. Ke4 b6 40. Nd3 Kd6 41. Ne5 Rh3 42. b4 Rb3 43. Nd3 a6 44. Ne5 Rxb4 45. Ng4 Ke7 46. Ne3 Rb3 47. Nd5+ Kf7 48. Nc7 a5 49. d5 a4 50. d6 a3 51. d7 Ke7 0-1

[Event "Oberliga Nord O 0506"]
[Site "Germany"]
[Date "2005.10.23"]
[Round "1.3"]
[White "Haessler, Wolfgang"]
[Black "Harich, Ralph"]
[Result "1/2-1/2"]
[WhiteElo "2278"]
[BlackElo "2246"]
[PlyCount "43"]
[EventDate "2005.10.23"]
[EventType "team-tourn"]
[EventRounds "9"]
[EventCountry "GER"]
[SourceTitle "EXT 2007"]
[Source "ChessBase"]
[SourceDate "2006.11.23"]
[SourceVersion "1"]
[SourceVersionDate "2006.11.23"]
[SourceQuality "1"]
[WhiteTeam "Friesen Lichtenberg"]
[BlackTeam "Kreuzberg III"]
[WhiteTeamCountry "GER"]
[BlackTeamCountry "GER"]

1. d4 Nf6 2. Bg5 Ne4 3. Bf4 Nc6 4. Nd2 Nxd2 5. Qxd2 d5 6. e4 dxe4 7. d5 e5 8. dxc6 exf4 9. Qxf4 bxc6 10. Qxe4+ Qe7 11. Bd3 Bd7 12. 0-0-0 Qxe4 13. Bxe4 0-0-0 14. Nf3 Bd6 15. Nd4 c5 16. Nc6 Bxc6 17. Bxc6 Bf4+ 18. Kb1 Rd2 19. Rxd2 Bxd2 20. Rd1 Rd8 21. c3 Rd6 22. Bf3 1/2-1/2

[Event "BL2-Nord 0405"]
[Site "Germany"]
[Date "2005.03.13"]
[Round "8.8"]
[White "Lichmann, Peter"]
[Black "Harich, Ralph"]
[Result "1-0"]
[WhiteElo "2270"]
[BlackElo "2253"]
[PlyCount "93"]
[EventDate "2004.10.24"]
[EventType "team-tourn"]
[EventRounds "9"]
[EventCountry "GER"]
[SourceTitle "EXT 2007"]
[Source "ChessBase"]
[SourceDate "2006.11.23"]
[SourceVersion "1"]
[SourceVersionDate "2006.11.23"]
[SourceQuality "1"]
[WhiteTeam "Werder Bremen II"]
[BlackTeam "Kreuzberg II"]
[WhiteTeamCountry "GER"]
[BlackTeamCountry "GER"]

1. e4 c5 2. Nf3 g6 3. d4 cxd4 4. Qxd4 Nf6 5. e5 Nc6 6. Qa4 Nd5 7. Qe4 Ndb4 8. c3 d5 9. Qe2 Na6 10. Qe3 Bg7 11. Bb5 Nc7 12. Bd3 0-0 13. 0-0 f6 14. exf6 Bxf6 15. Rd1 e5 16. c4 d4 17. Qe2 Bg4 18. Be4 Qe7 19. Bh6 Rfe8 20. Nbd2 Rad8 21. h3 Bc8 22. Bd3 Ne6 23. Ne4 Bg7 24. Bd2 Rf8 25. a3 a5 26. Rac1 Nf4 27. Bxf4 Rxf4 28. c5 Rdf8 29. Nfd2 Be6 30. Bc4 Bh6 31. Bxe6+ Qxe6 32. Qc4 Qxc4 33. Rxc4 R4f7 34. Nf1 Rd7 35. Rd3 Kg7 36. Nfg3 Ne7 37. Ra4 Nd5 38. Rxa5 Nf4 39. Rd1 d3 40. Kf1 Rd4 41. Rb5 Rc4 42. Nc3 Rf7 43. Nge4 Rd7 44. Nd2 Rxc3 45. bxc3 Kf6 46. Rb6+ Kf5 47. g4+ 1-0

[Event "BL2-Nord 0405"]
[Site "Germany"]
[Date "2004.12.12"]
[Round "4.8"]
[White "Harich, Ralph"]
[Black "Kiese, Matthias"]
[Result "1/2-1/2"]
[WhiteElo "2253"]
[BlackElo "2276"]
[PlyCount "47"]
[EventDate "2004.10.24"]
[EventType "team-tourn"]
[EventRounds "9"]
[EventCountry "GER"]
[SourceTitle "EXT 2007"]
[Source "ChessBase"]
[SourceDate "2006.11.23"]
[SourceVersion "1"]
[SourceVersionDate "2006.11.23"]
[SourceQuality "1"]
[WhiteTeam "Kreuzberg II"]
[BlackTeam "Hannover Post"]
[WhiteTeamCountry "GER"]
[BlackTeamCountry "GER"]

1. c4 e6 2. g3 d5 3. Bg2 Nf6 4. Nf3 Be7 5. d4 0-0 6. 0-0 Nbd7 7. cxd5 exd5 8. Nc3 c6 9. Qd3 Re8 10. Bf4 Nf8 11. Ne5 Ng4 12. e4 Nxe5 13. Bxe5 dxe4 14. Bxe4 Bd6 15. Rad1 Bg4 16. f3 Bh5 17. Rfe1 Qc7 18. Bxd6 Qxd6 19. Qc4 Rad8 20. d5 cxd5 21. Rxd5 Qb6+ 22. Kf1 Bg6 23. Re2 Bxe4 24. Rxd8 1/2-1/2

[Event "Oberliga Nord O 0203"]
[Site "Germany"]
[Date "2003.02.23"]
[Round "7.8"]
[White "Harich, Ralph"]
[Black "Nagel, Verena"]
[Result "1-0"]
[WhiteElo "2229"]
[BlackElo "2030"]
[PlyCount "65"]
[EventDate "2002.10.20"]
[EventType "team"]
[EventRounds "9"]
[EventCountry "GER"]
[SourceTitle "EXT 2009"]
[Source "ChessBase"]
[SourceDate "2008.11.26"]
[SourceVersion "1"]
[SourceVersionDate "2008.11.26"]
[SourceQuality "1"]
[WhiteTeam "Kreuzberg"]
[BlackTeam "Rehberge "]
[WhiteTeamCountry "GER"]
[BlackTeamCountry "GER"]

1. e4 e5 2. Nf3 Nc6 3. Bb5 Nd4 4. Nxd4 exd4 5. 0-0 Bc5 6. d3 c6 7. Bc4 d6 8. c3 Qf6 9. cxd4 Bxd4 10. Nc3 h5 11. Kh1 Bg4 12. f3 Bd7 13. Ne2 b5 14. Nxd4 Qxd4 15. Bb3 a5 16. a4 b4 17. Qe2 Nh6 18. Be3 Qf6 19. d4 0-0 20. Rac1 Rae8 21. Qd2 Qg6 22. Rfe1 Kh8 23. Bg5 Ng8 24. e5 f6 25. Bh4 fxe5 26. dxe5 d5 27. Rc5 Ra8 28. e6 Bc8 29. Rxc6 Bb7 30. Rc7 Rab8 31. Bc2 Qe8 32. Qd3 g6 33. Qd4+ 1-0

[Event "Oberliga Nord O 0203"]
[Site "Germany"]
[Date "2002.12.15"]
[Round "3.7"]
[White "Harich, Ralph"]
[Black "Pueschel, Werner"]
[Result "1-0"]
[WhiteElo "2229"]
[BlackElo "2198"]
[PlyCount "97"]
[EventDate "2002.10.20"]
[EventType "team"]
[EventRounds "9"]
[EventCountry "GER"]
[SourceTitle "EXT 2009"]
[Source "ChessBase"]
[SourceDate "2008.11.26"]
[SourceVersion "1"]
[SourceVersionDate "2008.11.26"]
[SourceQuality "1"]
[WhiteTeam "Kreuzberg"]
[BlackTeam "Schwedt "]
[WhiteTeamCountry "GER"]
[BlackTeamCountry "GER"]

1. c4 Nf6 2. Nf3 g6 3. g3 b6 4. Bg2 Bb7 5. 0-0 Bg7 6. d4 0-0 7. Nc3 e6 8. d5 exd5 9. cxd5 Re8 10. Nd4 Qe7 11. e4 Na6 12. Bf4 Qb4 13. a3 Qc4 14. Ndb5 Nxe4 15. Bxe4 Rxe4 16. Nxe4 Qxb5 17. Rb1 Qc4 18. Re1 Rc8 19. Bg5 Qxd5 20. Qxd5 Bxd5 21. Nf6+ Bxf6 22. Bxf6 c5 23. Rbd1 Be6 24. f3 d5 25. Kf2 Kf8 26. g4 b5 27. h4 b4 28. h5 gxh5 29. gxh5 c4 30. axb4 Nxb4 31. Kg3 Nd3 32. Re3 a6 33. Kh4 Rc6 34. Bd4 Nf4 35. Rg1 Ke7 36. Rg4 Nd3 37. Rg7 h6 38. Rh7 Nb4 39. Rxh6 Nc2 40. Bf6+ Kd7 41. Re2 Nb4 42. Bc3 Nd3 43. Rf6 Rd6 44. Bd4 Nc1 45. Rg2 Nb3 46. Be5 Rc6 47. h6 Rc8 48. h7 Rh8 49. Rh6 1-0

[Event "Donau op 10th"]
[Site "Aschach"]
[Date "2001.12.28"]
[Round "4"]
[White "Harich, Ralph"]
[Black "Knoll, Hermann"]
[Result "0-1"]
[WhiteElo "2168"]
[BlackElo "2307"]
[PlyCount "74"]
[EventDate "2001.12.26"]
[EventType "swiss"]
[EventRounds "7"]
[EventCountry "AUT"]
[SourceTitle "CBM 085 Extra"]
[Source "ChessBase"]
[SourceDate "2002.01.21"]
[SourceVersion "1"]
[SourceVersionDate "2002.01.21"]
[SourceQuality "1"]

1. a3 d5 2. Nf3 g6 3. g3 Bg7 4. Bg2 e5 5. d3 Ne7 6. 0-0 0-0 7. c3 Nbc6 8. Nbd2 h6 9. Qc2 Be6 10. b4 a6 11. Bb2 f5 12. e4 dxe4 13. dxe4 f4 14. a4 g5 15. b5 Nb8 16. Rfd1 Nd7 17. Nb3 Qe8 18. c4 Ng6 19. c5 axb5 20. axb5 Rxa1 21. Rxa1 Qf7 22. Nc1 g4 23. Ne1 Nf6 24. Ra7 Rb8 25. Qa4 Nh7 26. Ncd3 Ng5 27. Rxb7 Rxb7 28. Qa8+ Kh7 29. Qxb7 fxg3 30. hxg3 Bc4 31. b6 Bxd3 32. Nxd3 Qb3 33. Bf1 Qd1 34. Qxc7 Nf3+ 35. Kg2 Nd2 36. Ne1 Qxe1 37. Bd3 Nf3 0-1

[Event "Berlin tt 0001"]
[Site "Berlin"]
[Date "2001.03.18"]
[Round "7.2"]
[White "Harich, Ralph"]
[Black "Reichenbach, Werner"]
[Result "1/2-1/2"]
[WhiteElo "2260"]
[BlackElo "2336"]
[PlyCount "50"]
[EventDate "2000.10.22"]
[EventType "team"]
[EventRounds "11"]
[EventCountry "GER"]
[SourceTitle "EXT 2007"]
[Source "ChessBase"]
[SourceDate "2006.11.23"]
[SourceVersion "1"]
[SourceVersionDate "2006.11.23"]
[SourceQuality "1"]

1. a3 c5 2. Nf3 Nf6 3. c4 d5 4. cxd5 Nxd5 5. d3 Nc6 6. g3 e5 7. Bg2 Be7 8. Nc3 Nc7 9. 0-0 0-0 10. Bd2 Ne6 11. Rb1 Kh8 12. b4 cxb4 13. axb4 f6 14. b5 Ncd4 15. Nxd4 Nxd4 16. e3 Nf5 17. Qf3 Rf7 18. Qd5 Qe8 19. Qb3 Bc5 20. Bd5 Rc7 21. Na4 Bd6 22. Ba5 Re7 23. Rfc1 Be6 24. Bxe6 Rxe6 25. Bc7 Re7 1/2-1/2

[Event "Berlin tt 0001"]
[Site "Berlin"]
[Date "2000.12.17"]
[Round "4.3"]
[White "Harich, Ralph"]
[Black "Behrmann, Joachim"]
[Result "1/2-1/2"]
[WhiteElo "2260"]
[BlackElo "2150"]
[PlyCount "54"]
[EventDate "2000.10.22"]
[EventType "team"]
[EventRounds "11"]
[EventCountry "GER"]
[SourceTitle "EXT 2007"]
[Source "ChessBase"]
[SourceDate "2006.11.23"]
[SourceVersion "1"]
[SourceVersionDate "2006.11.23"]
[SourceQuality "1"]

1. a3 g6 2. g3 Bg7 3. Bg2 d5 4. Nf3 Nf6 5. 0-0 0-0 6. d3 Nc6 7. b4 Nd7 8. Ra2 Nb6 9. Bb2 e5 10. Nbd2 d4 11. c4 dxc3 12. Bxc3 Be6 13. Rc2 Nd4 14. Rc1 Bd5 15. e4 Bc6 16. Bxd4 exd4 17. Nc4 Nxc4 18. Rxc4 a5 19. e5 axb4 20. axb4 Bd5 21. Rxd4 Bxf3 22. Rxd8 Bxd1 23. Rxa8 Rxa8 24. Rxd1 Bxe5 25. Bxb7 Rb8 26. Bd5 Rxb4 27. Re1 Bd6 1/2-1/2

[Event "Seefeld op 10th"]
[Site "Seefeld"]
[Date "1999.09.18"]
[Round "8"]
[White "Sielaff, Rudolf"]
[Black "Harich, Ralph"]
[Result "0-1"]
[WhiteElo "2042"]
[BlackElo "2175"]
[PlyCount "104"]
[EventDate "1999.09.11"]
[EventType "swiss"]
[EventRounds "9"]
[EventCountry "AUT"]
[SourceTitle "EXT 2001"]
[Source "ChessBase"]
[SourceDate "2000.11.22"]
[SourceVersion "1"]
[SourceVersionDate "2000.11.22"]
[SourceQuality "1"]

1. d4 Nf6 2. Nf3 g6 3. Bf4 Bg7 4. e3 d6 5. h3 0-0 6. Be2 b6 7. 0-0 Nbd7 8. a4 a6 9. c3 Bb7 10. Bh2 c5 11. Nbd2 Rc8 12. Bd3 Qc7 13. Qe2 a5 14. Ba6 Bxa6 15. Qxa6 Qc6 16. Qe2 Rfe8 17. Rfd1 Ne4 18. Nxe4 Qxe4 19. Qd3 Qxd3 20. Rxd3 Rc7 21. Rd2 Rb8 22. Kf1 Nf6 23. Rdd1 Ne4 24. Nd2 Nxd2+ 25. Rxd2 f5 26. Ke2 Kf7 27. Kd3 cxd4 28. exd4 Re8 29. d5 Rec8 30. Bf4 Rxc3+ 31. bxc3 Rxc3+ 32. Ke2 Rc4 33. Rb1 Rxf4 34. Ra2 Bd4 35. f3 Bc5 36. Rd1 Rb4 37. Rdd2 Bd4 38. Rdc2 Kf6 39. Kd3 Bc5 40. Rc4 Rb3+ 41. Rc3 Rb1 42. Kc4 Rb4+ 43. Kd3 Rd4+ 44. Ke2 Rxd5 45. Rc4 Re5+ 46. Kd3 d5 47. Rcc2 Re3+ 48. Kd2 f4 49. Kd1 d4 50. Rc4 Ke5 51. Rd2 Kd5 52. Rc1 d3 0-1

[Event "Seefeld op 10th"]
[Site "Seefeld"]
[Date "1999.09.13"]
[Round "3"]
[White "Harich, Ralph"]
[Black "Muuss, Klaus"]
[Result "0-1"]
[WhiteElo "2175"]
[BlackElo "2035"]
[PlyCount "32"]
[EventDate "1999.09.11"]
[EventType "swiss"]
[EventRounds "9"]
[EventCountry "AUT"]
[SourceTitle "EXT 2001"]
[Source "ChessBase"]
[SourceDate "2000.11.22"]
[SourceVersion "1"]
[SourceVersionDate "2000.11.22"]
[SourceQuality "1"]

1. a3 e5 2. c4 Nf6 3. d3 b6 4. Nf3 d6 5. g3 Bb7 6. Bg2 Be7 7. 0-0 Nbd7 8. Nc3 0-0 9. e4 Nc5 10. b4 Ne6 11. Bh3 Bc8 12. Kg2 a5 13. Be3 axb4 14. axb4 Rxa1 15. Qxa1 h6 16. Qa8 Nf4+ 0-1